000 00484cam a22001815a 4500
001 ##L134171
008 060714s1950 xxk 000 0 eng u
035 _a(Sirsi) u134171
041 0 _aeng
050 0 4 _a333.0062 $2 18
110 2 _aChartered Auctioneers' and Estate Agents' Institute
245 0 0 _aDraft bye-laws
260 _aLondon
_bCAEAI
_c[ca. 1950]
300 _a37p.
_c22cm.
651 4 _aUnited Kingdom
_y
690 _aABOUT RICS-RELATED ORGANISATIONS
942 _n0
999 _c105581
_d105581